Statistics for World Cities Chain

Click here to take the quiz!

General Stats

  • This quiz has been taken 87 times
  • The average score is 12 of 16

Answer Stats

HintCity% Correct
Capital of ScotlandEdinburgh
99%
Location of the Anne Frank houseAmsterdam
94%
Constantinople, formerlyIstanbul
93%
Former British colony in ChinaHong Kong
91%
Capital of KenyaNairobi
89%
Largest Pakistani cityKarachi
84%
Capital of MoroccoRabat
84%
Financial center of IsraelTel Aviv
83%
Polish port city on the Baltic SeaGdansk
82%
Oldest capital city in the AmericasMexico City
76%
Commercial center of eastern IndiaKolkata
72%
Second largest Pakistani cityLahore
70%
Largest Russian port on the PacificVladivostok
70%
Former capital of BurmaYangon
56%
First capital of BrazilSalvador
34%
Largest Peruvian city in the AmazonIquitos
20%

Score Distribution

Percentile by Number Answered

Percent of People with Each Score

Your Score History

You have not taken this quiz